Example of a production documentation for electronic equipment (Record no. 6936)

MARC details
000 -LEADER
fixed length control field 00563nam a2200181Ia 4500
003 - CONTROL NUMBER IDENTIFIER
control field IN-BaIIA
008 - FIXED-LENGTH DATA ELEMENTS--GENERAL INFORMATION
fixed length control field 211028s9999 xx 000 0 eng d
040 ## - CATALOGING SOURCE
Transcribing agency IIA Library
080 ## - UNIVERSAL DECIMAL CLASSIFICATION NUMBER
Universal Decimal Classification number 621.38
Item number GYS
100 ## - MAIN ENTRY--PERSONAL NAME
Personal name Gysi, W.
9 (RLIN) 11795
245 #0 - TITLE STATEMENT
Title Example of a production documentation for electronic equipment
Statement of responsibility, etc. W. Gysi
260 ## - PUBLICATION, DISTRIBUTION, ETC.
Place of publication, distribution, etc. Bangalore
Name of publisher, distributor, etc. Indian Institute of Science
Date of publication, distribution, etc. 1980
300 ## - PHYSICAL DESCRIPTION
Extent 33p
650 ## - SUBJECT ADDED ENTRY--TOPICAL TERM
Topical term or geographic name entry element Electronic equipment
9 (RLIN) 3162
650 ## - SUBJECT ADDED ENTRY--TOPICAL TERM
Topical term or geographic name entry element Electronics
9 (RLIN) 1576
650 ## - SUBJECT ADDED ENTRY--TOPICAL TERM
Topical term or geographic name entry element NASA thesaurus
942 ## - ADDED ENTRY ELEMENTS (KOHA)
Koha item type Books
Holdings
Withdrawn status Lost status Damaged status Not for loan Home library Current library Shelving location Date acquired Cost, normal purchase price Total Checkouts Full call number Barcode Date last seen Cost, replacement price Price effective from Koha item type Purchase Price
        IIA Library-Bangalore IIA Library-Bangalore General Stacks 17/11/1981 7.00   621.38/ GYS 7710 05/11/2021 7.00 17/11/1981 Books Rs. 7.00

Powered by Koha